Cara mudah menguasai kemahiran bersosial : tatacara diri & etiket sosial

Bibliographic Details
Main Author: Amin Hazya
Format: Book
Published: Selangor : Perintis Books , 2006
Series:Siri kerjaya perintis
Subjects:

MARC

LEADER 00000cam a2200000 7i4500
001 0000039360
005 20131220.0
008 131220
020 |a 983328373X 
090 0 0 |a 395.52   |b AMI 
100 0 |a Amin Hazya 
245 1 0 |a Cara mudah menguasai kemahiran bersosial :   |b tatacara diri & etiket sosial   |c Amin Hazya 
260 |a Selangor :   |b Perintis Books ,   |c 2006 
440 |a Siri kerjaya perintis 
650 0 |a Etiquette 
650 0 |a Manner and customs 
999 |a 0000936495   |b Book   |c Adult Collection   |e Cawangan Bandar Tenggara 
999 |a 0001257737   |b Book   |c Adult Collection   |e Perbadanan Perpustakaan Awam Johor 
999 |a 0001257741   |b Book   |c Adult Collection   |e Perbadanan Perpustakaan Awam Johor